| 000 | 00805cam a22002537a 4500 | ||
|---|---|---|---|
| 001 | 15327511 | ||
| 005 | 20180207072115.0 | ||
| 008 | 080612s2008 maua f 001 0 eng d | ||
| 010 | _a 2008931029 | ||
| 020 | _a9781598635010 | ||
| 020 | _a1598635018 | ||
| 035 | _a(OCoLC)ocn181600809 | ||
| 040 |
_aBTCTA _cBTCTA _dBAKER _dYDXCP _dTXA _dDLC |
||
| 041 | _aeng | ||
| 042 | _alccopycat | ||
| 080 | _a621.389.32 gar | ||
| 082 | 0 | 0 |
_a621.389.32 gar _222 |
| 100 | 1 | _a40 | |
| 101 | _aMED | ||
| 245 | 1 | 0 |
_aRecording on the go : _cGary Gottlieb and Paul Hennerich. |
| 906 |
_a7 _bcbc _ccopycat _d2 _encip _f20 _gy-gencatlg |
||
| 942 |
_2ddc _cBK |
||
| 999 |
_c42014 _d42014 |
||